000 00371cam a22001097a 4500
008 180718b1960 xxu||||| |||| 00| 0 eng d
082 _aR703x5442 M278r
245 _aBombay industrial relations rules, 1947
_cby Political and Service Department
260 _aBombay
_bGovernment Central Press
_c1960
300 _a33p
700 _aMaharashtra. Political and Service Department
999 _c496284
_d496284